Регионална библиотека "Любен Каравелов" - Русе

Стръмни пътеки (Запис номер 171553)

MARC детайли
000 -Лидер
Контролно поле с фиксирана дължина 01213nam a2200313 c 4500
003 - Код на организацията, давaща контролен номер
Контролно поле BLK
005 - Дата и час на последна редакция
Контролно поле 20180422114452.0
008 - Елементи от данни с фиксирана дължина
fixed length control field 180411b bul|||||r ||||||| ||bul||
010 ## - Наследен системен номер
LC control number KNG00179832000
040 ## - Източник на каталожния запис
Идентификатор на билиотеката - собственик на записа BLK
041 ## - Код за език
Код за езика на текст/звукозапис или на отделно заглавие Български
Код за езика КДБФ Български
080 ## - УДК
Текстов определител УДК Българска литература
УДК код - определител по УДК 821.163.2
УДК определител -94
УДК - код + определител 821.163.2-94
100 1# - Редна дума - Автор
Автор Охридски, Иван
Авторска отговорност първи автор
R(LIN) 327543
139 ## - Редно поле
Редна дума Охридски, Иван
Авторски знак Ох - О 97
245 10 - Сведения за заглавието
Заглавие Стръмни пътеки
Подзаглавни данни Записки на един контраразузнавач : За средна училищна възраст
Редно поле (дума) Иван Охридски; худож. Стоян Ганчев Стоянов.
257 ## - Страна на издаване
Страна на създаване/издаване България
260 ## - Област на издателските данни
-- София
Име на издателя, разпространителя и проч. Нар. младеж
Година на издаване 1979
Печатница В. Търново : Д. Найденов
300 ## - Физическа характеристика
Страници 96 с.
Илюстрации и др. с ил.
Размери/Мащаб 20 см
380 ## - Жанр
Жанр Худож. лит.
500 ## - Общи забележки
Забележка 40 141 тир.
653 ## - Ключова дума – ненормативна
Ключова дума контраразузнаване
653 ## - Ключова дума – ненормативна
Ключова дума спомени
700 1# - Други автори (авторска отговорност)
Лично име Стоянов, Стоян Ганчев
Автороска отговорност (Описва отношението между автора и произведението) худож.
9 (RLIN) 373335
852 ## - Местоположение
Форматна сигнатура Цб 102138
856 4# - Електронен адрес и достъп
Електронен формат pdf - файл
Път до файла /url/
856 4# - Електронен адрес и достъп
Електронен формат pdf - файл
Път до файла /url/
942 ## - АРТИКУЛИ
Вид на библиотечния материал Книги
Скрит в OPAC Не
944 ## - СЪЗДАВАНЕ И РЕДАКЦИЯ на ЗАПИСА
Създаване/Редакция Създаване
Дата на регистрацията/редакция 14.08.2015
Служител, извършил регистрацията/редакцията Кети_Илиева
944 ## - СЪЗДАВАНЕ И РЕДАКЦИЯ на ЗАПИСА
Създаване/Редакция Редакция
Дата на регистрацията/редакция 15.09.2017
Служител, извършил регистрацията/редакцията Милена_Ачева
999 ## - СИСТЕМНИ КОНТРОЛНИ НОМЕРА
Koha biblionumber 171553
Koha biblioitemnumber 171553
Наличности
Код за отписване Код за изгубен артикул Източник на класификационната схема Код за повреда Коз за рестрикции Код за отдаване Артикулен № Име на библиотеката - собственик Име на библиотеката, в която се намира в момента Статус (Текущо местоположение) Дата на вписване в системата Местоположение - отдел Цена в лева Инвентарен номер Систематично азбучна сигнатура Баркод Номер на екземпляра Цена в евро Служебна бележка Служебен тип на артикула Бележка за публиката
  Не е изгубен Universal Decimal Classification Не е повреден без рестрикции ползва се в читалня 291679 Регионална библиотека "Любен Каравелов" Русе Регионална библиотека "Любен Каравелов" Русе Хранилище 1979-01-01 Хранилище 0.31 298644 Цб 102138 120000298644 1 0.16 Вид: Сф Дата: 01.01.1979 Книги  
Изтеглен Не е изгубен Universal Decimal Classification Не е повреден без рестрикции заемане за дома 291680 Регионална библиотека "Любен Каравелов" Русе Регионална библиотека "Любен Каравелов" Русе Заемна - подръчен фонд 1979-01-01 Заемна - подръчен фонд 0.31 299192 П 886.7-94/О 97 299192 2 0.16 Вид: Сф Дата: 01.01.1979 Книги  
Изтеглен Не е изгубен Universal Decimal Classification Не е повреден без рестрикции заемане за дома 291681 Регионална библиотека "Любен Каравелов" Русе Регионална библиотека "Любен Каравелов" Русе Заемна - подръчен фонд 1979-01-01 Заемна - подръчен фонд 0.31 299194 П 886.7-94/О 97 299194 3 0.16 Вид: Сф Дата: 01.01.1979 Книги  
Изтеглен Не е изгубен   Не е повреден без рестрикции заемане за дома 291682 Регионална библиотека "Любен Каравелов" Русе Регионална библиотека "Любен Каравелов" Русе   1979-01-01 Детски отдел 0.31 298412 ДХ 886.7/О 97 298412 4 0.16 Вид: Сф Дата: 01.01.1979 Дата инв: 09.09.2015 Бележки инв: Д2015 Книги Отч.N: 29/2017 , Дата: 17.08.2017
Vip Innovations Ltd, Rousse, Bulgaria 2025